<?xml version="1.0" encoding="UTF-8"?>
<record
    xmlns:xsi="http://www.w3.org/2001/XMLSchema-instance"
    xsi:schemaLocation="http://www.loc.gov/MARC21/slim http://www.loc.gov/standards/marcxml/schema/MARC21slim.xsd"
    xmlns="http://www.loc.gov/MARC21/slim">

  <leader>00670nam a22001817a 4500</leader>
  <controlfield tag="005">20240313121548.0</controlfield>
  <controlfield tag="008">240313b        |||||||| |||| 00| 0 eng d</controlfield>
  <datafield tag="020" ind1=" " ind2=" ">
    <subfield code="a">9781859466285</subfield>
  </datafield>
  <datafield tag="041" ind1=" " ind2=" ">
    <subfield code="a">Eng.</subfield>
  </datafield>
  <datafield tag="082" ind1=" " ind2=" ">
    <subfield code="2">2nd Ed.</subfield>
    <subfield code="a">720.47</subfield>
    <subfield code="b">PAW</subfield>
  </datafield>
  <datafield tag="100" ind1=" " ind2=" ">
    <subfield code="a">Pawlyn M.</subfield>
    <subfield code="9">206073</subfield>
  </datafield>
  <datafield tag="245" ind1=" " ind2=" ">
    <subfield code="a">Biomimicry in Architecture</subfield>
  </datafield>
  <datafield tag="260" ind1=" " ind2=" ">
    <subfield code="a">London </subfield>
    <subfield code="b">RIBA Publishing </subfield>
    <subfield code="c">2016</subfield>
  </datafield>
  <datafield tag="300" ind1=" " ind2=" ">
    <subfield code="a">164 p </subfield>
    <subfield code="b">PB</subfield>
    <subfield code="c">25 x 19 cm</subfield>
  </datafield>
  <datafield tag="365" ind1=" " ind2=" ">
    <subfield code="a">INR</subfield>
    <subfield code="b">4047.80</subfield>
    <subfield code="c">Rupaye</subfield>
  </datafield>
  <datafield tag="500" ind1=" " ind2=" ">
    <subfield code="a">1) How can we build more efficient structures?
2) How will we manufacture materials?
3) How will we create zero-waste systems?
4) How will we manage water?
5) How will we control our thermal enviroment?</subfield>
  </datafield>
  <datafield tag="942" ind1=" " ind2=" ">
    <subfield code="c">BK</subfield>
  </datafield>
  <datafield tag="999" ind1=" " ind2=" ">
    <subfield code="c">357573</subfield>
    <subfield code="d">357573</subfield>
  </datafield>
  <datafield tag="952" ind1=" " ind2=" ">
    <subfield code="0">0</subfield>
    <subfield code="1">0</subfield>
    <subfield code="2">ddc</subfield>
    <subfield code="4">0</subfield>
    <subfield code="7">0</subfield>
    <subfield code="a">BNCA</subfield>
    <subfield code="b">BNCA</subfield>
    <subfield code="d">2024-03-13</subfield>
    <subfield code="e">Word Bookshop</subfield>
    <subfield code="f">B.Arch.</subfield>
    <subfield code="g">2550.11</subfield>
    <subfield code="i">2465</subfield>
    <subfield code="o">720.47 PAW</subfield>
    <subfield code="p">BNCA-BK-12618</subfield>
    <subfield code="r">2024-03-13 00:00:00</subfield>
    <subfield code="t">37% </subfield>
    <subfield code="v">4047.80</subfield>
    <subfield code="w">2024-03-06</subfield>
    <subfield code="y">RF</subfield>
  </datafield>
</record>
